000 00556nam a22001337a 4500
999 _c80281
_d80281
008 201130b ||||| |||| 00| 0 eng d
040 _bger
_cSTAFF
_erda
_aSTAFF
245 _aSilvesterfeuerwerk in Frankfurt erlaubt:
_bCorona: Stadt verzichtet darauf, öffentliche Plätze für Raketen und Böller zu sperren./
_cred
773 _dFrankfurt (Oder): Märkisches Verlags- und Druckhaus GmbH & Co KG
_g31. Jahrgang (2020) Nr. 282 vom 03.12.2020, S. 15
_tMärkische Oderzeitung
942 _cA